000
00260nam a2200109Ia 4500
008
230320s9999||||xx |||||||||||||| ||spa||
082
_a
235/C13
100
_a
Cebestrero, Teofilo
245
0
_a
¿Que Les Pasa A Nuestros Curas?
260
_b
PPC
942
_8
0
_c
LIB
999
_c
27399
_d
27399